000 00683nam a2200229 i 4500
001 bg
100 1 _aJezierski, Andrzej
_d(1930-2002).
245 0 _aHistoria gospodarcza Polski Ludowej 1944 - 1975 /
_cAndrzej Jezierski, Barbara Petz.
260 _aWarszawa :
_bPaństwowe Wydaw. Naukowe,
_c1980.
300 _a405 s. :
_btabl. ;
_c20 cm.
504 _aLiterat. s.384- 397.
650 9 _aHistoria gospodarcza
_zPolska
_yod 1944 r.
655 _aPodręczniki akademickie
700 1 _aPETZ, Barbara
020 _a8301001461
040 _cBPK
041 _apl
080 _a338.1(091)
920 _a83-01-00146-1
942 _cKS
008 s pl f |000 0 pol
999 _c35320
_d35320
856 _uhttp://koha.tu.koszalin.pl/cgi-bin/koha/opac-detail.pl?biblionumber=35320
_yKatalog online BPK